[Event "Novosibirsk Sukharev Memorial op"]
[Site "Novosibirsk"]
[Date "2012.07.24"]
[Round "8"]
[White "Solomin, Vyacheslav"]
[Black "Abramovich, Antuan"]
[Result "1-0"]
[WhiteElo "1987"]
[BlackElo "2052"]
[PlyCount "117"]
[EventDate "2012.07.18"]
[EventType "swiss"]
[EventRounds "9"]
[EventCountry "RUS"]
[SourceTitle "EXT 2013"]
[Source "ChessBase"]
[SourceDate "2012.11.22"]
[SourceVersion "1"]
[SourceVersionDate "2012.11.22"]
[SourceQuality "1"]

1. d4 Nf6 2. c4 c5 3. d5 e5 4. dxe6 fxe6 5. Nc3 d5 6. e3 Be7 7. Nf3 Nc6 8. cxd5 exd5 9. Bb5 0-0 10. 0-0 Bg4 11. Be2 Kh8 12. b3 a6 13. Bb2 b5 14. h3 Bh5 15. Ng5 Bxe2 16. Nxe2 Qc8 17. Nf4 Nd8 18. Qc2 Ne4 19. Nxe4 Qf5 20. Rac1 dxe4 21. Rcd1 Ne6 22. Rd5 Qf7 23. Nxe6 Qxe6 24. Re5 Qf7 25. Qxe4 Bf6 26. Rf5 Qg6 27. Bxf6 gxf6 28. Rd1 Rac8 29. Rf4 f5 30. Qe5+ Qf6 31. Qxf6+ Rxf6 32. e4 c4 33. bxc4 Rxc4 34. Rxf5 Rxf5 35. exf5 Kg7 36. Rd2 Ra4 37. g4 Kf6 38. Kg2 Kg5 39. Kg3 Ra3+ 40. f3 h5 41. h4+ Kf6 42. Rd6+ Kf7 43. g5 Rxa2 44. Rd7+ Ke8 45. Rb7 Re2 46. Rb6 Re7 47. Kf4 a5 48. Rxb5 Ra7 49. Rb3 a4 50. Ra3 Ra5 51. g6 Kf8 52. f6 Ra6 53. Kg5 Kg8 54. f4 Kh8 55. Kxh5 Ra5+ 56. Kh6 Ra6 57. h5 Ra7 58. Re3 Ra8 59. f7 1-0

[Event "Novosibirsk Sukharev Memorial op"]
[Site "Novosibirsk"]
[Date "2012.07.20"]
[Round "3"]
[White "Abramovich, Antuan"]
[Black "Shulzhenko, Oleg"]
[Result "0-1"]
[WhiteElo "2052"]
[BlackElo "1966"]
[PlyCount "110"]
[EventDate "2012.07.18"]
[EventType "swiss"]
[EventRounds "9"]
[EventCountry "RUS"]
[SourceTitle "EXT 2013"]
[Source "ChessBase"]
[SourceDate "2012.11.22"]
[SourceVersion "1"]
[SourceVersionDate "2012.11.22"]
[SourceQuality "1"]

1. e4 e5 2. Nf3 Nc6 3. Bc4 Be7 4. d4 d6 5. h3 Nf6 6. Qd3 exd4 7. Bf4 0-0 8. Nxd4 Ne5 9. Bxe5 dxe5 10. Nf3 Bd6 11. g4 Qe7 12. Nbd2 a6 13. a4 Bd7 14. Nb3 Bc6 15. Nfd2 Rad8 16. Qe2 Nd7 17. a5 Nc5 18. h4 Ne6 19. Bxe6 Qxe6 20. 0-0-0 Bb4 21. Qe3 Bb5 22. g5 b6 23. axb6 cxb6 24. Nb1 Rc8 25. Nc3 Bxc3 26. bxc3 Rc4 27. Nd2 Ra4 28. Nb3 Rc8 29. Kb2 Qc6 30. Rd5 Rc4 31. Rhd1 Qe8 32. Qxb6 R4c6 33. Qa5 R6c7 34. Qxc7 Rxc7 35. Rd8 Kf8 36. Rxe8+ Kxe8 37. Rd5 f6 38. f3 Ke7 39. Na5 Be2 40. gxf6+ gxf6 41. Nb3 Bxf3 42. Nc5 a5 43. Ka3 Kf7 44. Ka4 Ra7 45. Rd6 Rc7 46. Kb5 a4 47. Kb4 Ra7 48. Ka3 Rc7 49. Nd7 Bxe4 50. Nxf6 Bxc2 51. Nd5 Rb7 52. Nb4 Bb3 53. Rh6 Kg7 54. Rc6 e4 55. Rc5 Kf6 0-1

[Event "Novosibirsk Sukharev Memorial op"]
[Site "Novosibirsk"]
[Date "2012.07.19"]
[Round "2"]
[White "Bychkova, Alina"]
[Black "Abramovich, Antuan"]
[Result "0-1"]
[WhiteElo "1884"]
[BlackElo "2052"]
[PlyCount "124"]
[EventDate "2012.07.18"]
[EventType "swiss"]
[EventRounds "9"]
[EventCountry "RUS"]
[SourceTitle "EXT 2013"]
[Source "ChessBase"]
[SourceDate "2012.11.22"]
[SourceVersion "1"]
[SourceVersionDate "2012.11.22"]
[SourceQuality "1"]

1. e4 d6 2. d4 Nf6 3. Nc3 g6 4. Nf3 Bg7 5. Be3 0-0 6. Qd2 c6 7. Bd3 Nbd7 8. Bh6 e5 9. Bxg7 Kxg7 10. dxe5 dxe5 11. 0-0 Qe7 12. Rfe1 Nc5 13. Qg5 Re8 14. h3 h6 15. Qh4 g5 16. Qg3 Nh5 17. Qh2 Nf4 18. Bf1 f6 19. Qg3 Nce6 20. Ne2 Kh7 21. Nh2 Qc5 22. Ng4 Kg6 23. Nxf4+ exf4 24. Qd3 Rd8 25. Qc4 b5 26. Qxc5 Nxc5 27. e5 Bxg4 28. hxg4 b4 29. exf6 Kxf6 30. a3 a5 31. Rad1 bxa3 32. bxa3 Rxd1 33. Rxd1 Ke5 34. Be2 Ne6 35. Rd7 Rd8 36. Ra7 Rd5 37. Bc4 Rc5 38. Bxe6 Kxe6 39. Rh7 Rxc2 40. Rxh6+ Kd7 41. Rg6 Rc5 42. Kh2 Rd5 43. Rf6 c5 44. g3 fxg3+ 45. Kxg3 c4 46. Rf3 Kd6 47. Kg2 Rc5 48. Rc3 Kd5 49. Kf1 Kd4 50. Rc1 Re5 51. Re1 c3 52. Rxe5 Kxe5 53. Ke2 Kf4 54. Kd3 Kf3 55. Kxc3 Kxf2 56. a4 Kf3 57. Kc4 Kxg4 58. Kb5 Kh4 59. Kxa5 g4 60. Kb6 g3 61. a5 g2 62. a6 g1Q+ 0-1

[Event "Capital of Sibiria op"]
[Site "Novosibirsk"]
[Date "2002.07.26"]
[Round "8"]
[White "Frolova, Tatiana"]
[Black "Abramovich, Antuan"]
[Result "0-1"]
[WhiteElo "2158"]
[BlackElo "2062"]
[PlyCount "100"]
[EventDate "2002.07.19"]
[EventType "swiss"]
[EventRounds "9"]
[EventCountry "RUS"]
[SourceTitle "CBM 089 Extra"]
[Source "ChessBase"]
[SourceDate "2002.09.10"]
[SourceVersion "2"]
[SourceVersionDate "2002.09.10"]
[SourceQuality "1"]

1. e4 e5 2. Nf3 Nc6 3. Bb5 a6 4. Bxc6 dxc6 5. Nc3 Bd6 6. d4 Bg4 7. dxe5 Bxf3 8. Qxf3 Bxe5 9. 0-0 Qf6 10. Qxf6 Nxf6 11. f3 Bd4+ 12. Kh1 Bxc3 13. bxc3 h6 14. Rd1 Nd7 15. Ba3 0-0-0 16. Kg1 b6 17. Be7 Rde8 18. Bh4 Rhf8 19. Re1 Nc5 20. Rad1 f6 21. Rd4 Ne6 22. Rd2 Rd8 23. Rxd8+ Nxd8 24. e5 g5 25. Bg3 f5 26. f4 Ne6 27. fxg5 hxg5 28. Re2 c5 29. h4 g4 30. Be1 Kd7 31. g3 c4 32. Bd2 Nc5 33. Bf4 Ke6 34. h5 Ne4 35. h6 Rf7 36. Kg2 Nxc3 37. Rd2 Nd5 38. Rd1 Rh7 39. Bg5 f4 40. Bxf4 Nxf4+ 41. gxf4 Rxh6 42. Kg3 Kf5 43. Rd8 Rh3+ 44. Kg2 Kxf4 45. e6 Re3 46. Rd4+ Kf5 47. Rxc4 c5 48. a4 a5 49. e7 Rxe7 50. Rc3 Re4 0-1

[Event "Capital of Sibiria op"]
[Site "Novosibirsk"]
[Date "2002.07.24"]
[Round "6"]
[White "Abramovich, Antuan"]
[Black "Karpov, Viktor"]
[Result "0-1"]
[WhiteElo "2062"]
[BlackElo "2175"]
[PlyCount "66"]
[EventDate "2002.07.19"]
[EventType "swiss"]
[EventRounds "9"]
[EventCountry "RUS"]
[SourceTitle "CBM 089 Extra"]
[Source "ChessBase"]
[SourceDate "2002.09.10"]
[SourceVersion "2"]
[SourceVersionDate "2002.09.10"]
[SourceQuality "1"]

1. e4 c5 2. c3 d5 3. exd5 Qxd5 4. d4 Nc6 5. Nf3 Bg4 6. Be2 0-0-0 7. Be3 cxd4 8. cxd4 e6 9. Nc3 Qd7 10. 0-0 Nf6 11. Qa4 Kb8 12. Rfd1 Nd5 13. a3 Nb6 14. Qb5 Nd5 15. Rac1 Bd6 16. Ne4 Rc8 17. Qa4 Bf4 18. Bxf4+ Nxf4 19. Bb5 Bxf3 20. gxf3 Rc7 21. Bxc6 Rxc6 22. Rxc6 Qxc6 23. Qa5 f6 24. Qc5 Rc8 25. b4 b6 26. Qe7 Qc7 27. Qxc7+ Rxc7 28. h4 Rc2 29. Kh2 f5 30. Rd2 Rxd2 31. Nxd2 Kc7 32. b5 Ne2 33. a4 Nxd4 0-1